Liste des dirigeants actuels des États du monde - Statistiques

Statistiques générales
  • Ce quiz a été pris 310 fois
    273 depuis la dernière actualisation
  • Le résultat moyen est 16 sur 196
Statistiques - réponses
Pays Dirigeant % Correct
France Emmanuel Macron
92%
États-Unis Joe Biden
78%
Russie Vladimir Poutine
65%
Uruguay Luis Alberto Lacalle Pou
64%
Allemagne Angela Merkel
51%
Canada Justin Trudeau
51%
Chine Xi Jinping
51%
Brésil Jair Bolsonaro
47%
Maroc Mohammed VI
47%
Corée du Nord Kim Jong-un
46%
Royaume-Uni Boris Johnson
45%
Turquie Recep Tayyip Erdoğan
37%
Hongrie Viktor Orbán
31%
Biélorussie Alexandre Loukachenko
30%
Monaco Albert II
28%
Syrie Bachar el-Assad
28%
Vatican François
28%
Cambodge Hun Sen
27%
Espagne Pedro Sánchez
27%
Inde Narendra Modi
23%
Égypte Abdel Fattah al-Sissi
22%
Algérie Abdelmadjid Tebboune
21%
Venezuela Nicolás Maduro
21%
Italie Mario Draghi
18%
Arabie saoudite Salmane ben Abdelaziz Al Saoud
18%
Albanie Edi Rama
15%
Tunisie Kaïs Saïed
15%
Corée du Sud Moon Jae-in
15%
Salvador Nayib Bukele
15%
Jordanie Abdallah II
14%
Belgique Alexander De Croo
14%
Gabon Ali Bongo
14%
Mexique Andrés Manuel López Obrador
14%
Rwanda Paul Kagame
14%
Afrique du Sud Cyril Ramaphosa
13%
Guyana Irfaan Ali
13%
Israël Naftali Bennett
13%
Turkménistan Gurbanguly Berdimuhamedow
11%
Bruneï Hassanal Bolkiah
11%
Eswatini Mswati III
11%
Liberia George Weah
10%
Nouvelle-Zélande Jacinda Ardern
10%
Indonésie Joko Widodo
10%
Sénégal Macky Sall
10%
Australie Scott Morrison
10%
Colombie Iván Duque
9%
Cuba Miguel Díaz-Canel
9%
Luxembourg Xavier Bettel
9%
Côte d'Ivoire Alassane Ouattara
8%
Centrafrique Faustin-Archange Touadéra
8%
Congo (Kinshasa) Félix Tshisekedi
8%
Pakistan Imran Khan
8%
Pays-Bas Mark Rutte
8%
Cameroun Paul Biya
8%
Finlande Sanna Marin
8%
Autriche Sebastian Kurz
8%
Éthiopie Abiy Ahmed
7%
Argentine Alberto Fernández
7%
Pologne Andrzej Duda
7%
Ukraine Denys Chmyhal
7%
Azerbaïdjan İlham Aliev
7%
Bolivie Luis Arce
7%
Chili Sebastián Piñera
7%
Qatar Tamim ben Hamad Al Thani
7%
Liechtenstein Aloïs
6%
Portugal António Costa
6%
Nicaragua Daniel Ortega
6%
Iran Ebrahim Raïssi
6%
Équateur Guillermo Lasso
6%
Slovénie Janez Janša
6%
Angola João Lourenço
6%
Tchad Mahamat Idriss Déby
6%
Danemark Mette Frederiksen
6%
Philippines Rodrigo Duterte
6%
Andorre Xavier Espot Zamora
6%
Irlande Micheál Martin
5%
Arménie Nikol Pachinian
5%
Pérou Pedro Castillo
5%
Taïwan Tsai Ing-wen
5%
Kosovo Albin Kurti
4%
Guinée Alpha Condé
4%
Afghanistan Amrullah Saleh
4%
Madagascar Andry Rajoelina
4%
Mali Assimi Goïta
4%
Congo (Brazzaville) Denis Sassou-Nguesso
4%
Roumanie Klaus Iohannis
4%
Grèce Kyriákos Mitsotákis
4%
Bénin Patrice Talon
4%
Kenya Uhuru Kenyatta
4%
Japon Yoshihide Suga
4%
Serbie Ana Brnabić
3%
Haïti Ariel Henry
3%
Norvège Erna Solberg
3%
Antigua-et-Barbuda Gaston Browne
3%
Lituanie Gitanas Nausėda
3%
Suisse Guy Parmelin
3%
Bahreïn Hamed ben Issa al-Khalifa
3%
Bahamas Hubert Minnis
3%
Honduras Juan Orlando Hernández
3%
Barbade Mia Mottley
3%
Nigeria Muhammadu Buhari
3%
Birmanie Myint Swe
3%
Chypre Níkos Anastasiádis
3%
Burkina Faso Roch Marc Christian Kaboré
3%
Bangladesh Sheikh Hasina
3%
Bulgarie Stefan Yanev
3%
Soudan Abdel Fattah Abdelrahmane al-Burhan
2%
Yémen Abd Rabo Mansour Hadi
2%
Croatie Andrej Plenković
2%
Comores Azali Assoumani
2%
Costa Rica Carlos Alvarado
2%
Zimbabwe Emmerson Mnangagwa
2%
Burundi Évariste Ndayishimiye
2%
Sri Lanka Gotabaya Rajapaksa
2%
Érythrée Isaias Afwerki
2%
Djibouti Ismail Omar Guelleh
2%
Cap-Vert Jorge Carlos Fonseca
2%
Sierra Leone Julius Maada Bio
2%
Estonie Kaja Kallas
2%
Kazakhstan Kassym-Jomart Tokaïev
2%
Émirats arabes unis Khalifa ben Zayed Al Nahyane
2%
Bhoutan Lotay Tshering
2%
Paraguay Mario Abdo
2%
Niger Mohamed Bazoum
2%
Botswana Mokgweetsi Masisi
2%
Vietnam Nguyễn Phú Trọng
2%
Sainte-Lucie Philip Pierre
2%
Thaïlande Prayuth Chan-ocha
2%
Laos Thongloun Sisoulith
2%
Guinée-Bissau Umaro Sissoco Embaló
2%
Bosnie-Herzégovine Željko Komšić
2%
Gambie Adama Barrow
1%
Guatemala Alejandro Giammattei
1%
Tchéquie Andrej Babiš
1%
Lettonie Arturs Krišjānis Kariņš
1%
Vanuatu Bob Loughman
1%
Ouzbékistan Chavkat Mirzioïev
1%
Slovaquie Eduard Heger
1%
Tadjikistan Emomalii Rahmon
1%
Togo Faure Gnassingbé
1%
Mozambique Filipe Nyusi
1%
Timor-Oriental Francisco Guterres
1%
Fidji Frank Bainimarama
1%
Namibie Hage Geingob
1%
Oman Haïtham ben Tariq
1%
Liban Hassan Diab
1%
Géorgie Irakli Garibachvili
1%
Belize Johnny Briceño
1%
Islande Katrín Jakobsdóttir
1%
Panama Laurentino Cortizo
1%
Singapour Lee Hsien Loong
1%
République dominicaine Luis Abinader
1%
Lesotho Moeketsi Majoro
1%
Mauritanie Mohamed Ould Ghazouani
1%
Samoa Naomi Mata'afa
1%
Moldavie Natalia Gavrilița
1%
Koweït Nawaf al-Ahmad al-Jabir al-Sabah
1%
Maurice Pravind Jugnauth
1%
Saint-Vincent-et-les-Grenadines Ralph Gonsalves
1%
Malte Robert Abela
1%
Dominique Roosevelt Skerrit
1%
Kirghizistan Sadyr Japarov
1%
Soudan du Sud Salva Kiir
1%
Tanzanie Samia Suluhu
1%
Suède Stefan Löfven
1%
Kiribati Taaneti Mwamwau
1%
Guinée équatoriale Teodoro Obiang Nguema Mbasogo
1%
Mongolie Ukhnaagiin Khürelsükh
1%
Ouganda Yoweri Museveni
1%
Monténégro Zdravko Krivokapić
1%
Macédoine du Nord Zoran Zaev
1%
Libye Abdulhamid Dbeibeh
0%
Jamaïque Andrew Holness
0%
Suriname Chan Santokhi
0%
Îles Marshall David Kabua
0%
États fédérés de Micronésie David W. Panuelo
0%
Sao Tomé-et-Principe Evaristo Carvalho
0%
Saint-Marin Giancarlo Venturini
0%
Zambie Hakainde Hichilema
0%
Maldives Ibrahim Mohamed Solih
0%
Malaisie Ismail Sabri Yaakob
0%
Papouasie-Nouvelle-Guinée James Marape
0%
Tuvalu Kausea Natano
0%
Grenade Keith Mitchell
0%
Trinité-et-Tobago Keith Rowley
0%
Malawi Lazarus Chakwera
0%
Nauru Lionel Aingimea
0%
Îles Salomon Manasseh Sogavare
0%
Somalie Mohamed Hussein Roble
0%
Irak Moustafa al-Kazimi
0%
Ghana Nana Akufo-Addo
0%
Tonga Pohiva Tu'i'onetoa
0%
Népal Sher Bahadur Deuba
0%
Palaos Surangel Whipps Jr.
0%
Saint-Christophe-et-Niévès Timothy Harris
0%
Seychelles Wavel Ramkalawan
0%
Aucun quiz correspondant
Distribution des résultats
% des personnes avec chaque résultat
Percentile par nombre de réponses
Votre historique - résultats
Vous n’avez pas pris ce quiz depuis la dernière actualisation